000 01132nam a2200277 i 4500
003 IT-RoINE
005 20160929095624.0
008 961112s1996 sp |r ||1 ||spa d
020 _a8479142251
040 _aSpMaBN
_bspa
_cSpMaBN IT-RoINE
_erdc
_dIT-RoINE
041 1 _aspa
_alat
_hlat
245 1 _aComentario interdisciplinar a la "Evangelium vitae" /
_cobra dirigida por Ramón Lucas Lucas ; presentación de Juan de Dios Vial Correa ; conclusión de Elio Sgreccia.
260 _aMadrid :
_bBiblioteca de Autores Cristianos,
_c1996.
300 _aXXX, 811 p. ;
_c20 cm.
336 _2rdacontent
_atext
337 _2rdamedia
_aunmediated
338 _2rdacarrier
_avolume
490 1 0 _aBiblioteca de autores cristianos ;
_v561
500 _aIncluye índices.
546 _aTexto en español y latín.
610 2 4 _915443
_aIglesia Católica.
_bPapa (1978-2005: Juan Pablo II).
_tEvangelium vitae
700 1 _aLucas Lucas, Ramón,
_d1955-
_915444
710 2 2 _915445
_aIglesia Católica.
_bPapa (1978-2005: Juan Pablo II).
_tEvangelium vitae.
_lEspañol-Latín
830 0 _9843
_aBiblioteca de Autores Cristianos
942 _cMTS
999 _c7207
_d7207